प्रेम प्रवाह / (Record no. 119641)

MARC details
000 -LEADER
fixed length control field 00961nam a22002537a 4500
005 - DATE AND TIME OF LATEST TRANSACTION
control field 20170124103146.0
010 ## - LIBRARY OF CONGRESS CONTROL NUMBER
LC control number A-820047
020 ## - INTERNATIONAL STANDARD BOOK NUMBER
Terms of availability 100.00
035 ## - SYSTEM CONTROL NUMBER
System control number A-820047
037 ## - SOURCE OF ACQUISITION
Source of stock number/acquisition Cen Lib/Ret
040 ## - CATALOGING SOURCE
Original cataloging agency DPL
Language of cataloging HN
082 ## - DEWEY DECIMAL CLASSIFICATION NUMBER
Classification number 230.41
Item number भैयाप्रे
100 ## - MAIN ENTRY--PERSONAL NAME
Personal name भैया
9 (RLIN) 41420
245 ## - TITLE STATEMENT
Title प्रेम प्रवाह /
Statement of responsibility, etc भैया
246 ## - VARYING FORM OF TITLE
Title proper/short title Prem pravah /
Remainder of title by Bhaiyya
260 ## - PUBLICATION, DISTRIBUTION, ETC. (IMPRINT)
Place of publication, distribution, etc कलकत्ता
Name of publisher, distributor, etc आनन्द धन कृपा संध
270 ## - ADDRESS
Address 1, आचार्य जगदीश चन्द्र बोसे रोड
City कलकत्ता
Postal code 700020
300 ## - PHYSICAL DESCRIPTION
Extent 308पृ.
Dimensions 21सेमी(सजिल्द)
650 ## - SUBJECT ADDED ENTRY--TOPICAL TERM
Topical term or geographic name as entry element हिंदी साहित्य
9 (RLIN) 86017
650 ## - SUBJECT ADDED ENTRY--TOPICAL TERM
Topical term or geographic name as entry element हिंदी निबन्ध
9 (RLIN) 86018
650 ## - SUBJECT ADDED ENTRY--TOPICAL TERM
Topical term or geographic name as entry element Hindi literature
9 (RLIN) 86019
650 ## - SUBJECT ADDED ENTRY--TOPICAL TERM
Topical term or geographic name as entry element Hindi Essay
9 (RLIN) 86020
942 ## - ADDED ENTRY ELEMENTS (KOHA)
Source of classification or shelving scheme Dewey Decimal Classification
Koha item type Hindi Books
Classification part 230.41
Call number suffix भैयाप्रे
Holdings
Withdrawn status Lost status Damaged status Not for loan Home library Current library Date acquired Source of acquisition Cost, normal purchase price Total Checkouts Full call number Barcode Date last seen Date checked out Copy number Cost, replacement price Price effective from Koha item type
        Central Library Central Library 18/09/2015 Cen Lib/Ret 100.00 2 230.41 भैयाप्रे A-820047 26/05/2018 21/05/2018 1 100.00 18/09/2015 Hindi Books

© Delhi Public Library
Hit Counter
free hit counter